000 00356 a2200157 4500
001 50112
040 _cAnchieta - Bela Vista
100 _aAnchietinha Itaigara
240 1 0 _aViagem pela leitura
_lpor
245 1 0 _aViagem pela leitura
300 _a28
362 0 _a2009
440 1 _aAnchietinha Itaigara
650 4 _aLiteratura juvenil
942 _cBK
999 _c50112
_d50112